000 00381nam a2200145Ia 4500
008 230917s9999||||xx |||||||||||||| ||und||
040 _e20102
_aMAIN
041 _aEnglish
082 _a301.18 B613F
100 _aBlau, Peter M
245 0 _aFormal organizations: A comperative approach
260 _aLondon
_bRoutledge & Kegan Paul
_c1963
300 _axv, 312 p.
942 _cBK
999 _c200947
_d200947